| 000 | 00679nam a2200229 a 4500 | ||
|---|---|---|---|
| 001 | BRCA_7702 | ||
| 005 | 20190320205943.0 | ||
| 008 | 230813s1953----enka######---#000-0#eng-# | ||
| 041 | _aeng | ||
| 044 | _aenk | ||
| 050 | 4 |
_aNK7154 _b.G65 1953 |
|
| 245 | 1 | 0 |
_aThe golden age of Dutch silver _cVictoria and Albert Museum. |
| 260 |
_aLondres _bH. M. Stationery Office _c1953 |
||
| 300 |
_a4 p. _bil., 37 láminas _c18 cm. |
||
| 440 | 0 |
_aIts small picture book _v29 _919033 |
|
| 500 | _aU39 | ||
| 650 | 1 | 4 |
_aPlatería holandesa _915073 |
| 650 | 1 | 4 |
_aGalerías y museos _zInglaterra _919034 |
| 710 | 2 |
_aVictoria and Albert Museum (Londres) _919035 |
|
| 902 | _aGFM | ||
| 942 |
_2lcc _cB |
||
| 999 |
_c7376 _d7376 |
||